| 000 | 00547nam a22001577a 4500 | ||
|---|---|---|---|
| 008 | 200211b xxu||||| |||| 00| 0 eng d | ||
| 020 | _a9781935445883 | ||
| 050 | _aREF | ||
| 110 | _aThemis Bar Review. | ||
| 245 |
_aLaw school essentials:core curriculum. / _cThemis Bar Review. |
||
| 250 | _a2011-12 | ||
| 260 |
_aChicago : _bThemis Bar Review, _c2011. |
||
| 300 |
_axviii + various pages : _c28 cm. |
||
| 505 | _aContents: Civil procedure -- Constitutional law -- Contracts -- Criminal law -- Evidence -- Property -- Torts. | ||
| 942 |
_2lcc _cBK |
||
| 999 |
_c7088 _d14588 |
||